All Teams Ever Managed and Played For By Javier Aguirre - Statistics

General Stats
  • This quiz has been taken 25 times
  • The average score is 7 of 16
Answer Stats
Answer % Correct
Atlético Madrid
82%
Mexico
68%
Real Mallorca
68%
CF Monterrey
59%
Osasuna
55%
Club América
50%
Leganés
50%
Espanyol
45%
Egypt
41%
Japan
41%
Real Zaragoza
36%
Al-Wahda FC
32%
Atlante FC
32%
Pachuca
32%
Los Angeles Aztecs
27%
Deportivo Guadalajara
18%
No matching quizzes found
Score Distribution
Percent of People with Each Score
Percentile by Number Answered
Your Score History
You have not taken this quiz